000 00323nam a22001337a 4500
020 _a978-81-264-2369-9
082 _a823
_bNAM/D
100 _aNAMBIAR, APARNA
245 _aDIYA'S SLEEPLESS NIGHT AND MESSY DIYA
260 _aKOTTAYAM
_bDC BOOKS
_c2009
300 _a21
650 _aENGLISH SHORT STORY
_zKERALA
942 _cBK
999 _c3320
_d3320